|
|
|
|
| LEADER |
00000cam a2200000 a 4500 |
| 001 |
vtls001120908 |
| 003 |
SK-MaSNL |
| 005 |
20260301111603.0 |
| 008 |
180815s1987 xo a f n 00000 slo |
| 015 |
|
|
|a SNBA1988/04
|
| 035 |
|
|
|a SNK000063751
|
| 040 |
|
|
|a SNK
|b slo
|c SNK
|e AACR2
|
| 041 |
0 |
|
|a slo
|
| 044 |
|
|
|a xo
|c SK
|
| 080 |
|
|
|a 637.1(035)
|2 1981
|
| 100 |
1 |
|
|a Lobotka, Jozef,
|d 1939-
|4 aut
|9 38939
|
| 245 |
1 |
0 |
|a Zariadenia na dojenie, chladenie a ošetrovanie mlieka
|c Jozef Lobotka, Štefan Kováč, Ján Juríček
|
| 250 |
|
|
|a 1. vyd.
|
| 260 |
|
|
|a Bratislava
|b Príroda
|c 1987
|e Nitra
|f Nitrianske tlačiarne
|
| 300 |
|
|
|a 232 s
|b fotogr., sch., tab.
|c 21 cm
|
| 366 |
|
|
|e 2000 výtl.
|
| 490 |
0 |
|
|a Mechanizácia poľnohospodárstva a výstavby
|
| 504 |
|
|
|a Obsahuje bibliografiu
|
| 650 |
0 |
7 |
|a mlieko
|2 SNKPH
|9 3942
|
| 650 |
0 |
7 |
|a dojacia technika
|2 SNKPH
|9 69584
|
| 650 |
0 |
7 |
|a chladiac zariadenia
|2 SNKPH
|9 451060
|
| 655 |
|
7 |
|a príručky
|2 SNKPH
|9 74364
|
| 700 |
1 |
|
|a Kováč, Štefan,
|d 1944-
|4 aut
|9 208451
|
| 700 |
1 |
|
|a Juríček, Ján,
|d 1922-1992
|4 aut
|9 37635
|
| 830 |
|
0 |
|a Mechanizácia poľnohospodárstva a výživy
|9 451061
|
| 958 |
|
|
|a OND
|
| 958 |
|
|
|a NB
|
| 958 |
|
|
|a TL
|
| 999 |
|
|
|c 707549
|d 709479
|
| 952 |
|
|
|a SNK
|b SNK
|y PREZ
|7 0
|p 17A0936658
|o snkSC 70922
|0 0
|1 0
|4 0
|d 2012-09-17
|l 0
|r 2025-07-22 00:00:00
|w 2026-02-23
|
| 952 |
|
|
|t P60, <04>, [BOOK], {604}
|a SNK
|b SNK
|y VYP
|7 0
|p 17A0033663
|o snkSC 70922 D1
|0 0
|1 0
|4 0
|d 1997-01-29
|l 0
|r 2004-12-31 00:00:00
|w 2026-02-23
|